000 00498nam a22001577a 4500
005 20240513103912.0
008 240513b |||||||| |||| 00| 0 eng d
041 _aEnglish
082 _a347 LAW
100 _lEnglish
245 _aThe Law Reports : Queen's Bench Division
260 _aLondon:
_bThe Incorporated Council of Law Reporting for England and Wales,
_c1997
300 _bxxxi, 1051 pages;
_c25 cm.
650 _aLegal practice
_bLaw
942 _cBK
_6ALISON_BN_VRIES
999 _c1665
_d1665